<?xml version="1.0" encoding="UTF-8"?>
<record
    xmlns:xsi="http://www.w3.org/2001/XMLSchema-instance"
    xsi:schemaLocation="http://www.loc.gov/MARC21/slim http://www.loc.gov/standards/marcxml/schema/MARC21slim.xsd"
    xmlns="http://www.loc.gov/MARC21/slim">

  <leader>01361cam a2200373 a 4500</leader>
  <datafield tag="999" ind1=" " ind2=" ">
    <subfield code="c">7911</subfield>
    <subfield code="d">7911</subfield>
  </datafield>
  <controlfield tag="001">991006415339706706</controlfield>
  <controlfield tag="003">OSt</controlfield>
  <controlfield tag="005">20240617133811.0</controlfield>
  <controlfield tag="008">921010c1979    spc||||||     000 ||cat  </controlfield>
  <datafield tag="017" ind1=" " ind2=" ">
    <subfield code="a">DL B. 9126-1980</subfield>
    <subfield code="b">Biblioteca de Catalunya</subfield>
  </datafield>
  <datafield tag="020" ind1=" " ind2=" ">
    <subfield code="a">8429714928</subfield>
  </datafield>
  <datafield tag="035" ind1=" " ind2=" ">
    <subfield code="a">(ES-BaCBU).b11449317</subfield>
  </datafield>
  <datafield tag="035" ind1=" " ind2=" ">
    <subfield code="a">(OCoLC)802869133</subfield>
  </datafield>
  <datafield tag="040" ind1=" " ind2=" ">
    <subfield code="a">ES-BaBC</subfield>
    <subfield code="b">cat</subfield>
    <subfield code="c">CDMR</subfield>
  </datafield>
  <datafield tag="080" ind1=" " ind2=" ">
    <subfield code="a">504(467.1)</subfield>
  </datafield>
  <datafield tag="090" ind1=" " ind2=" ">
    <subfield code="a">HC390.E5</subfield>
    <subfield code="b">G37 1979</subfield>
  </datafield>
  <datafield tag="090" ind1=" " ind2=" ">
    <subfield code="a">HC390.E5</subfield>
    <subfield code="b">G37 1980</subfield>
  </datafield>
  <datafield tag="100" ind1="1" ind2=" ">
    <subfield code="a">Garc&#xED;a, Xavier</subfield>
    <subfield code="9">1176</subfield>
  </datafield>
  <datafield tag="245" ind1="1" ind2="3">
    <subfield code="a">El Combat ecologista a Catalunya /</subfield>
    <subfield code="c">Xavier Garcia, Jaume Reixac, Santiago Vilanova</subfield>
  </datafield>
  <datafield tag="260" ind1=" " ind2=" ">
    <subfield code="a">Barcelona :</subfield>
    <subfield code="b">Edicions 62,</subfield>
    <subfield code="c">1979</subfield>
  </datafield>
  <datafield tag="300" ind1=" " ind2=" ">
    <subfield code="a">280 p. ;</subfield>
    <subfield code="c">18 cm</subfield>
  </datafield>
  <datafield tag="490" ind1="1" ind2=" ">
    <subfield code="a">Llibres a l'abast ;</subfield>
    <subfield code="v">146</subfield>
  </datafield>
  <datafield tag="500" ind1=" " ind2=" ">
    <subfield code="a">Reimpressions: 1980</subfield>
  </datafield>
  <datafield tag="500" ind1=" " ind2=" ">
    <subfield code="a">II Premi Xarxa</subfield>
  </datafield>
  <datafield tag="650" ind1=" " ind2="7">
    <subfield code="a">Ecologisme</subfield>
    <subfield code="z">Catalunya.</subfield>
    <subfield code="2">lemac</subfield>
  </datafield>
  <datafield tag="700" ind1="1" ind2=" ">
    <subfield code="a">Reixach, Jaume</subfield>
    <subfield code="9">63</subfield>
  </datafield>
  <datafield tag="700" ind1="1" ind2=" ">
    <subfield code="a">Vilanova, Santiago</subfield>
    <subfield code="9">843</subfield>
  </datafield>
  <datafield tag="830" ind1=" " ind2="0">
    <subfield code="a">Llibres a l'abast ;</subfield>
    <subfield code="v">146</subfield>
  </datafield>
  <datafield tag="907" ind1=" " ind2=" ">
    <subfield code="a">.b11449317</subfield>
    <subfield code="b">15-06-21</subfield>
    <subfield code="c">06-05-08</subfield>
    <subfield code="d">07-05-08</subfield>
    <subfield code="e">m</subfield>
    <subfield code="f">a</subfield>
    <subfield code="g">-</subfield>
    <subfield code="h">cat</subfield>
    <subfield code="i">sp</subfield>
    <subfield code="j">3</subfield>
    <subfield code="k">20</subfield>
  </datafield>
  <datafield tag="908" ind1=" " ind2=" ">
    <subfield code="a">UB</subfield>
    <subfield code="a">ICIP</subfield>
    <subfield code="a">AHS</subfield>
    <subfield code="a">COAC</subfield>
    <subfield code="a">CDAM</subfield>
    <subfield code="a">URV</subfield>
    <subfield code="a">UAB</subfield>
    <subfield code="a">CLR</subfield>
    <subfield code="a">BMVB</subfield>
    <subfield code="a">BC</subfield>
    <subfield code="a">AHCB</subfield>
    <subfield code="a">BAB</subfield>
    <subfield code="a">ISPC</subfield>
    <subfield code="a">BPC</subfield>
    <subfield code="a">UPF</subfield>
    <subfield code="a">BMON</subfield>
    <subfield code="a">ANC</subfield>
    <subfield code="a">GCDAC</subfield>
    <subfield code="a">UPC</subfield>
    <subfield code="a">URL</subfield>
    <subfield code="a">UdL</subfield>
    <subfield code="a">GEPA</subfield>
    <subfield code="a">CHCC</subfield>
    <subfield code="a">MD</subfield>
  </datafield>
  <datafield tag="940" ind1=" " ind2=" ">
    <subfield code="a">BC</subfield>
  </datafield>
  <datafield tag="942" ind1=" " ind2=" ">
    <subfield code="2">udc</subfield>
    <subfield code="c">MON</subfield>
  </datafield>
  <datafield tag="949" ind1=" " ind2=" ">
    <subfield code="a">1003020812</subfield>
    <subfield code="b">D3 6102/10</subfield>
    <subfield code="c">1</subfield>
    <subfield code="d">0</subfield>
    <subfield code="e">0</subfield>
    <subfield code="f">24.04.13</subfield>
    <subfield code="g">1</subfield>
    <subfield code="k">1300</subfield>
    <subfield code="m">24.04.13</subfield>
    <subfield code="n">24.04.13</subfield>
    <subfield code="o">0</subfield>
    <subfield code="p">Fons: Andreu Castells Peig (R. Castells 4058)</subfield>
  </datafield>
  <datafield tag="952" ind1=" " ind2=" ">
    <subfield code="0">0</subfield>
    <subfield code="1">0</subfield>
    <subfield code="4">0</subfield>
    <subfield code="7">1</subfield>
    <subfield code="a">CDMR</subfield>
    <subfield code="b">CDMR</subfield>
    <subfield code="d">2024-06-17</subfield>
    <subfield code="e">Donaci&#xF3;</subfield>
    <subfield code="g">30.00</subfield>
    <subfield code="l">0</subfield>
    <subfield code="o">Di /57</subfield>
    <subfield code="p">CDMR24060007</subfield>
    <subfield code="r">2024-06-17</subfield>
    <subfield code="w">2024-06-17</subfield>
    <subfield code="y">MON</subfield>
  </datafield>
</record>
